Profesia aktuára v Slovenskej republike
Vysokoškolská príprava nových profesionálnych pracovníkov pre potreby poistnej teórie a praxe. Organizácia štúdia a príprava na profesiu aktuára na Ekonomickej univerzite v Bratislave v spolupráci so zahraničnými inštitúciami. Postgraduálny kurz - Poistná matematika a štatistika, pre pracovníkov poi...
Salvato in:
| Autore principale: | |
|---|---|
| Altri autori: | |
| Natura: | Capitolo di libro |
| Lingua: | slovacco |
| Soggetti: | |
| Tags: |
Nessun Tag, puoi essere il primo ad aggiungerne!!
|
MARC
| LEADER | 00000naa a2200000 4500 | ||
|---|---|---|---|
| 001 | r024212 | ||
| 005 | 20221129134001.5 | ||
| 041 | 0 | |a slo | |
| 044 | |a CZ | ||
| 245 | 1 | 0 | |a Profesia aktuára v Slovenskej republike |c H. Bakytová, Vladimír Huťka |
| 520 | |a Vysokoškolská príprava nových profesionálnych pracovníkov pre potreby poistnej teórie a praxe. Organizácia štúdia a príprava na profesiu aktuára na Ekonomickej univerzite v Bratislave v spolupráci so zahraničnými inštitúciami. Postgraduálny kurz - Poistná matematika a štatistika, pre pracovníkov poisťovní a príbuzných inštitúcií. Dvojročné aktuárske inžinierske štúdium v rámci hlavnej špecializácie Poistná matematika a štatistika od akademického roku 1994/95 na EU Bratislava. | ||
| 610 | 2 | 0 | |a štúdium vysokoškolské |
| 610 | 2 | 0 | |a štúdium postgraduálne |
| 610 | 2 | 0 | |a Ekonomická univerzita v Bratislave |
| 610 | 2 | 0 | |a 1994-1995 |
| 610 | 2 | 0 | |a kvalifikácia |
| 610 | 2 | 0 | |a poisťovníctvo |
| 100 | 1 | |a Bakytová, Hedviga | |
| 700 | 1 | |a Huťka, Vladimír | |